أحكام نشوز الزوجة في الشريعة الاسلامي /
Saved in:
| Main Author: | |
|---|---|
| Other Authors: | |
| Format: | Thesis |
| Language: | Arabic |
| Published: |
Nablus :
Jami'at al-Najah al-Wataniyah,
2007
|
| Subjects: | |
| Tags: |
Add Tag
No Tags, Be the first to tag this record!
|
| LEADER | 017490000a22003370004500 | ||
|---|---|---|---|
| 008 | 100907s2007 jo f00 0000 00ara d | ||
| 040 | |a UIAM |b eng | ||
| 041 | |a ara | ||
| 050 | 0 | 4 | |a BP158.5.K2 |
| 100 | 1 | |a منصور، معتصم عبد الرحمن محمج |9 91320 | |
| 242 | 1 | 0 | |a Ahkam nushuz al-zawjah fi al-shari'ah al-Islamiyah |
| 245 | 1 | 0 | |a أحكام نشوز الزوجة في الشريعة الاسلامي / |c اعداد معتصم عبد الرحمن محمج منصو |
| 260 | |a Nablus : |b Jami'at al-Najah al-Wataniyah, |c 2007 | ||
| 300 | |a 225 leaves ; |c 30 cm. | ||
| 336 | |2 rdacontent | ||
| 337 | |2 rdamedia | ||
| 338 | |2 rdacarrier | ||
| 500 | |a "قدةت هذه الرسالة استكمالا لمطلبات منح درجة الماجستير في الفقه والتشريع، بكلية الدراسات العليا في جامعة النجاح الوطني في نابلس، فلسطين ".On t.p | ||
| 500 | |a Abstract in English. | ||
| 502 | |a Thesis (M.A.)--Jami'at al-Najah al-Wataniyah, 2007 | ||
| 504 | |a Includes bibliographical references (leaves 209-224). | ||
| 650 | |a Husband and wife (Islamic law) |9 4250 | ||
| 650 | 0 | |a Marriage (Islamic law) |9 4727 | |
| 655 | |a Theses, Facsimile edition (Islamic) | ||
| 700 | |a Mansur, Mu'tasim 'Abd al-Rahman Muhammad |9 91321 | ||
| 710 | |a Jami'at al-Najah al-Wataniyah. |b Kulliyat al-Dirasat al-'Ulya |9 90048 | ||
| 710 | |a جامعة النجاح الوطنية. |b كلية الدراسات العليا |9 90049 | ||
| 900 | |a sz-ami | ||
| 942 | |2 lcc |n 0 | ||
| 999 | |c 434019 |d 465130 | ||
| 952 | |0 0 |6 TI BP 000158.000005 K000002 M000289A 002007 |7 0 |8 THESES |9 753957 |a IIUM |b IIUM |c MULTIMEDIA |g 346.50 |o ti BP 158.5 K2 M289A 2007 |p 00011147701 |r 2017-10-23 |t 1 |v 346.50 |y THESIS | ||
